| 000 | 00419nam a2200169Ia 4500 | ||
|---|---|---|---|
| 008 | 151213s9999 xx 000 0 und d | ||
| 020 | _a019-5648-14-5 | ||
| 100 | _aAsaf A.A. Fyzee | ||
| 245 |
_aOut Lines of Muhammadan Law _cAsaf A.A. Fyzee |
||
| 250 | _a5th | ||
| 260 |
_aBombay _bOxford Univesity Press _c1974 |
||
| 300 | _a5895 p. | ||
| 650 | _aLaw | ||
| 650 | _aLaw | ||
| 700 | _aAsaf A.A. Fyzee | ||
| 999 |
_c3413 _d3413 |
||